Poesías líricas alemanas de Heine, Uhland, Zedlitz, Rückert, Hoffmann, Platen, Hartmann y otros autores / (Record no. 47410)

MARC details
000 -LEADER
campo de control de longitud fija 01888nam a2200421 i 4500
001 - NÚMERO DE CONTROL
campo de control 47410
003 - IDENTIFICADOR DE NÚMERO DE CONTROL
campo de control ES-MaACL
005 - FECHA Y HORA DE LA ÚLTIMA TRANSACCIÓN
campo de control 20260316180541.0
007 - CAMPO FIJO DE DESCRIPCIÓN FÍSICA--INFORMACIÓN GENERAL
campo de control de longitud fija t|
008 - DATOS DE LONGITUD FIJA--INFORMACIÓN GENERAL
campo de control de longitud fija 030414s1873 sp ||||1| spa d
080 ## - NÚMERO DE LA CLASIFICACIÓN DECIMAL UNIVERSAL
Número de la Clasificación Decimal Universal 821.112.2-14"18"(082.2)
245 00 - MENCIÓN DEL TÍTULO
Título Poesías líricas alemanas de Heine, Uhland, Zedlitz, Rückert, Hoffmann, Platen, Hartmann y otros autores /
Mención de responsabilidad, etc. vertidas en castellano por Jaime Clark.
260 ## - PUBLICACIÓN, DISTRIBUCIÓN, ETC.
Lugar de publicación, distribución, etc. Madrid :
Nombre del editor, distribuidor, etc. [s.n.],
Fecha de publicación, distribución, etc. 1873 (
Fabricante M. Rivadeneyra)
300 ## - DESCRIPCIÓN FÍSICA
Extensión 187 p. ;
Dimensiones 15 cm.
490 1# - MENCIÓN DE SERIE
Mención de serie Biblioteca universal: colección de los mejores autores antiguos y modernos, nacionales y extranjeros ;
Designación de volumen o secuencia 6
505 8# - NOTA DE CONTENIDO CON FORMATO
Nota de contenido con formato Contiene poesías de: Carlos Beck, María Foerster, Julio de Rodemberg, J. G. Fischer, Jorge Herwegh, Nicolás Lenan, Wilhelm von Humboldt, Julio Sturm, Feodor Loewe, Julio Mosen, Mauricio Hartmann, Augusto de Platen, Hoffmann, Federico Ruckert, Enrique Heine, Ludwig Uhland
650 #4 - PUNTO DE ACCESO ADICIONAL DE MATERIA--TÉRMINO DE MATERIA
Término de materia o nombre geográfico como elemento de entrada Poesías alemanas
9 (RLIN) 16202
700 1# - ENTRADA AGREGADA--NOMBRE PERSONAL
Nombre de persona Beck, Carlos.
9 (RLIN) 26919
700 1# - ENTRADA AGREGADA--NOMBRE PERSONAL
Nombre de persona Foerster, María.
9 (RLIN) 51402
700 1# - ENTRADA AGREGADA--NOMBRE PERSONAL
Nombre de persona Rodemberg, Julio de.
9 (RLIN) 98111
700 1# - ENTRADA AGREGADA--NOMBRE PERSONAL
Nombre de persona Fischer, J. G.
9 (RLIN) 50999
700 1# - ENTRADA AGREGADA--NOMBRE PERSONAL
Nombre de persona Herwegh, Georg.
9 (RLIN) 63434
700 1# - ENTRADA AGREGADA--NOMBRE PERSONAL
Nombre de persona Lenan, Nicolás.
9 (RLIN) 71508
700 1# - ENTRADA AGREGADA--NOMBRE PERSONAL
Nombre de persona Humboldt, Wilhelm von.
9 (RLIN) 64716
700 1# - ENTRADA AGREGADA--NOMBRE PERSONAL
Nombre de persona Sturm, Julius.
9 (RLIN) 108516
700 1# - ENTRADA AGREGADA--NOMBRE PERSONAL
Nombre de persona Loewe, Feodor.
9 (RLIN) 73107
700 1# - ENTRADA AGREGADA--NOMBRE PERSONAL
Nombre de persona Mosen, Julius.
9 (RLIN) 83762
700 1# - ENTRADA AGREGADA--NOMBRE PERSONAL
Nombre de persona Hartmann, Moritz.
9 (RLIN) 61992
700 1# - ENTRADA AGREGADA--NOMBRE PERSONAL
Nombre de persona Platen, August
Títulos y otros términos asociados al nombre , Graf von.
9 (RLIN) 92594
700 1# - ENTRADA AGREGADA--NOMBRE PERSONAL
Nombre de persona Hoffmann, Ernst T. A.
Fechas asociadas al nombre 1776-1822
9 (RLIN) 242917
700 1# - ENTRADA AGREGADA--NOMBRE PERSONAL
Nombre de persona Ruckert, Friedrich.
9 (RLIN) 201063
700 1# - ENTRADA AGREGADA--NOMBRE PERSONAL
Nombre de persona Heine, Heinrich.
9 (RLIN) 62371
700 1# - ENTRADA AGREGADA--NOMBRE PERSONAL
Nombre de persona Uhland, Johann Ludwig,
Fechas asociadas al nombre 1787-1862
9 (RLIN) 111908
700 1# - ENTRADA AGREGADA--NOMBRE PERSONAL
Nombre de persona Clark, Jaime.
9 (RLIN) 39036
830 10 - PUNTO DE ACCESO ADICIONAL DE SERIE-TÍTULO UNIFORME
Título uniforme Biblioteca universal.
Nombre de parte o sección de la obra Colección de los mejores autores antiguos y modernos, nacionales y extranjeros
Designación de volumen o secuencia 6
9 (RLIN) 188447
852 4# - LOCALIZACIÓN
Ubicación ES-MaACL
Número de control de estantería T-200-F-3
Holdings
Estatus retirado Estado de pérdida Estado de daño No para préstamo Colección Biblioteca de origen Biblioteca actual Ubicación en estantería Fecha de adquisición Fuente de adquisición Total de préstamos Signatura topográfica completa Código de barras Visto por última vez Precio de reemplazo Tipo de ítem Koha
        Colección de folletos Biblioteca del Ateneo de Madrid Biblioteca del Ateneo de Madrid Depósito folletos 17/01/2008     T-200-F-3 1049875 23/02/2023 23/02/2023 Folleto